[Event "ISR-chT"]
[Site "Israel"]
[Date "1999.01.08"]
[Round "1"]
[White "Kanstler, Boris"]
[Black "Mittelman, Gur"]
[Result "1/2-1/2"]
[WhiteElo "2535"]
[BlackElo "2410"]

1.d4 Nf6 2.c4 g6 3.Nc3 Bg7 4.e4 d6 5.Nf3 O-O 6.Be2 e5 7.O-O Na6 8.Re1 c6
9.Bf1 exd4 10.Nxd4 Ng4 11.h3 Qb6 12.hxg4 Qxd4 13.g5 Qe5 14.g3 Qe7 15.Bd2 Nc7
16.Bf4 Rd8 17.Qd2 Bg4 18.Bg2 a6 19.a4 a5 20.Be3 Na6 21.Bb6 Rd7 22.f3 Be6
23.Nd5 cxd5 24.exd5 Nc5 25.dxe6 fxe6 26.Ra3 Ra6 27.Bxa5 Bxb2 28.Qxb2 Rxa5
29.Qb4 Ra6 30.f4 Qg7 31.a5 Qd4+ 32.Kh2 h6 33.gxh6 Rh7 34.Rae3 Rxh6+ 35.Kg1 Rh7
36.Bf3 Ra8 37.Kf1 Rh2 38.Bg2 Rh7 39.Ke2 Rh2 40.Kf1 Rh7 41.Ke2 Rh2  1/2-1/2

[Event "Troll Masters"]
[Site "Gausdal"]
[Date "1999.01.10"]
[Round "2"]
[White "Johansen, Arild"]
[Black "Trygstad, Kristian"]
[Result "1/2-1/2"]
[WhiteElo "2120"]
[BlackElo "2255"]

1.d4 Nf6 2.c4 g6 3.Nc3 Bg7 4.e4 d6 5.Be2 O-O 6.Nf3 e5 7.dxe5 dxe5 8.Qxd8 Rxd8
9.Bg5 Re8 10.Nd5 Nxd5 11.cxd5 c6 12.Bc4 cxd5 13.Bxd5 Nd7 14.Nd2 Nc5 15.Ke2 Be6
16.Be3 Bxd5 17.Bxc5 Be6 18.Rac1 Red8 19.Rhd1 f5 20.f3 b6 21.Be3 Rd7 22.b3 h6
23.h3 f4 24.Bf2 Kf7 25.Nc4 Rad8 26.Rxd7+ Rxd7 27.Nb2 Bf8 28.Nd3 Bd6 29.Be1 g5
30.Bc3 Rc7 31.Bb2 Rxc1 32.Bxc1 a5 33.Bb2 Kf6 34.Kd2 Bc8 35.Bc3 Ba6 36.Kc2 Ke6
37.Bb2 h5 38.Kd2 Bb7 39.Bc3 g4 40.hxg4 hxg4 41.Ke2 g3 42.Bb2 Ba6 43.Kd2 Bb5
44.Bc3 a4 45.bxa4 Bxa4 46.Bb2 Bb5 47.Bc3 Bc4 48.a4 Bc7 49.Kc2 Ba6 50.a5 Bxd3+
51.Kxd3 bxa5 52.Kc4 Kd6 53.Kb5 Bd8 54.Bd2 a4 55.Kxa4 Kc5 56.Bc3  1/2-1/2

[Event "BL2-W9899"]
[Site "Germany"]
[Date "1999.01.10"]
[Round "4.5"]
[White "Handke, Florian"]
[Black "Bock, Andreas"]
[Result "1-0"]
[WhiteElo "2323"]
[BlackElo "2235"]

1.d4 Nf6 2.c4 g6 3.Nc3 Bg7 4.e4 d6 5.Be2 O-O 6.Nf3 e5 7.d5 a5 8.Bg5 h6 9.Bh4 Na6
10.Nd2 h5 11.Bg5 Qe8 12.h3 Nh7 13.Be3 h4 14.g4 hxg3 15.fxg3 f5 16.exf5 gxf5
17.g4 e4 18.gxf5 Bxf5 19.Bg4 Nb4 20.Bxf5 Nd3+ 21.Ke2 Rxf5 22.Ndxe4 Nf4+ 23.Kd2 Ng2
24.Bd4 Ng5 25.Qg4 Nf3+ 26.Kd1 Nxd4 27.Qxg2 Qh5+ 28.Qg4 Qf7 29.Ng3 Rf4 30.Qh5 Qe7
31.Re1 Qf6 32.Nce4 Qe5 33.Ng5 Qf6 34.Rc1 Bh6 35.N3e4 Rxe4 36.Nxe4 Qf4 37.Rc3 Rf8
38.Qg4+ Qxg4+ 39.hxg4 Nf3 40.Rf1 Kg7 41.Rcxf3  1-0

[Event "BL2-N9899"]
[Site "Germany"]
[Date "1999.01.10"]
[Round "4.5"]
[White "Hoerstmann, Martin"]
[Black "Pachow, Joerg"]
[Result "0-1"]
[WhiteElo "2295"]
[BlackElo "2325"]

1.d4 Nf6 2.c4 g6 3.Nc3 Bg7 4.e4 d6 5.Be2 O-O 6.Nf3 e5 7.O-O exd4 8.Nxd4 Re8
9.f3 Nc6 10.Be3 Nh5 11.Qd2 Nxd4 12.Bxd4 Nf4 13.Rfd1 Bxd4+ 14.Qxd4 Qg5 15.Bf1 Ne6
16.Qf2 Qc5 17.Rd2 b6 18.Nd5 Kg7 19.Re1 Qxf2+ 20.Kxf2 Bb7 21.g3 a5 22.b3 Bxd5
23.cxd5 Nc5 24.Rc1 Re7 25.Rc3 f5 26.exf5 Rf8 27.a3 Rxf5 28.Kg2 Rfe5 29.b4 Na4
30.Rc4 Re3 31.bxa5 Rxa3 32.axb6 Nxb6 33.Rcd4 Ra5 34.f4 Rc5 35.Kf2 Kf6 36.Be2 h5
37.Bf1 Rc3 38.Bd3 Nd7 39.Rb4 Nc5 40.Bb1 Rc1 41.Re2 Rxe2+ 42.Kxe2 Rh1 43.h4 Rg1
44.Kf3 Rd1 45.Be4 Rc1 46.Bb1 Rc3+ 47.Kg2 Rc1 48.Kf3 Nd7 49.Be4 Kf7 50.f5 gxf5
51.Bb1 Kf6 52.Ke2 Rc5 53.Rb7 Ke5 54.Ra7 Nb6 55.Bd3 Nxd5 56.Ra8 Nf6 57.Rf8 Ne4
58.Rg8 d5 59.Ke3 d4+ 60.Ke2 Ra5 61.Re8+ Kd5 62.Rd8+ Ke5 63.Re8+ Kf6 64.Rf8+ Ke7
65.Rg8 Ra2+ 66.Ke1 Rg2 67.Rh8 Rxg3 68.Bf1 d3  0-1

[Event "BL2-S9899"]
[Site "Germany"]
[Date "1999.01.10"]
[Round "4.6"]
[White "Taggatz, Mario"]
[Black "Pfrommer, Christoph"]
[Result "1/2-1/2"]
[WhiteElo "2222"]
[BlackElo "2331"]

1.c4 g6 2.e4 Bg7 3.d4 d6 4.Nc3 Nf6 5.Be2 O-O 6.Nf3 e5 7.O-O Na6 8.Be3 Ng4
9.Bg5 Qe8 10.dxe5 h6 11.Bd2 dxe5 12.h3 Nf6 13.Be3 c6 14.c5 Nh5 15.Nd2 Nf4
16.Bxa6 bxa6 17.Nc4 Qe6 18.Nd6 Nxg2 19.Kxg2 Qxh3+ 20.Kg1 Bg4 21.f3 Qg3+ 22.Kh1 Qh3+
23.Kg1 Qg3+ 24.Kh1 Qh4+ 25.Kg1 Qg3+  1/2-1/2

[Event "Hamburg IM"]
[Site "Hamburg"]
[Date "1999.01.13"]
[Round "2"]
[White "Petrosian, Suren"]
[Black "Gross, David"]
[Result "1/2-1/2"]
[WhiteElo "2375"]
[BlackElo "2435"]

1.Nf3 Nf6 2.c4 g6 3.Nc3 Bg7 4.e4 d6 5.d4 O-O 6.Be2 e5 7.dxe5 dxe5 8.Qxd8 Rxd8
9.Bg5 Re8 10.Nd5 Nxd5 11.cxd5 c6 12.Bc4 cxd5 13.Bxd5 Nc6 14.O-O-O Bg4 15.Kb1 h6
16.Be3 Re7 17.Bxc6 bxc6 18.Rd6 Rc7 19.Rhd1 Kh7 20.Rd8 Rxd8 21.Rxd8 Be6 22.Bc5 f5
23.Nd2 h5 24.Ra8 Rd7 25.Nf3 Bc4 26.Rxa7 Bd3+ 27.Ka1 Rxa7 28.Bxa7 fxe4 29.Ng5+ Kg8
30.Ne6 Bf6 31.Nc5 Kf7 32.Bb8 Be7 33.Nd7 Ke6 34.Nxe5 Bc5 35.f3 Bf1 36.fxe4 Bxg2
37.Nxg6 Be3 38.Ne5 Bxe4 39.Nc4 Bd4 40.Nd2 Bd5 41.a4 Be3 42.Nf1 Bb6 43.b4 Bd4+
44.Kb1 Bc3 45.b5  1/2-1/2

[Event "South Wales 2nd"]
[Site "Newport"]
[Date "1999.01.13"]
[Round "5"]
[White "Beaumont, Chris"]
[Black "Buckley, Simon T"]
[Result "1-0"]
[WhiteElo "2298"]
[BlackElo "2144"]

1.d4 Nf6 2.c4 g6 3.Nc3 Bg7 4.e4 d6 5.Nf3 O-O 6.Be2 e5 7.O-O Na6 8.Be3 Ng4
9.Bg5 f6 10.Bc1 Qe8 11.Rb1 Kh8 12.h3 Nh6 13.dxe5 dxe5 14.b4 c6 15.b5 Nc7
16.bxc6 bxc6 17.Qa4 Ne6 18.Rd1 Rf7 19.Be3 Ng8 20.c5 Bh6 21.Bxh6 Nxh6 22.Bc4 Rg7
23.Nd5 Ng8 24.Nb6 Nxc5 25.Qa3 axb6 26.Qxa8 b5 27.Bxg8 Rxg8 28.Rdc1 Nxe4 29.Qxc6 Qxc6
30.Rxc6 Bf5 31.Rb4 h5 32.Nh4 Ra8 33.g4 Bc8 34.Rxc8+ Rxc8 35.Rxe4 g5 36.Nf5 hxg4
37.hxg4 Ra8 38.Rb4 Rxa2 39.Rxb5 Ra4 40.Rb8+ Kh7 41.Rb7+ Kh8 42.Ne3  1-0

[Event "Australian op"]
[Site "Suncoast"]
[Date "1999.01.13"]
[Round "10"]
[White "Sutherland, John"]
[Black "Speck, Nick"]
[Result "1/2-1/2"]
[WhiteElo "2055"]
[BlackElo "2255"]

1.d4 g6 2.c4 Nf6 3.Nf3 Bg7 4.Nc3 O-O 5.e4 d6 6.Be2 e5 7.d5 a5 8.Bg5 h6 9.Bh4 Na6
10.Nd2 Qe8 11.O-O Nh7 12.a3 Bd7 13.b3 h5 14.f3 Bh6 15.Bf2 Qe7 16.Qc2 h4 17.Rfd1 Bf4
18.Bf1 f5 19.Ne2 Bg5 20.Rab1 Rf7 21.Nc3 Nf6 22.b4 axb4 23.axb4 Raf8 24.Bd3 Nh5
25.c5 Bxd2 26.Rxd2 Nf4 27.c6 Qg5 28.Ba7 Nxd3 29.Qxd3 bxc6 30.Be3 f4 31.Ba7 Nb8
32.Bxb8 Rxb8 33.dxc6 Bxc6 34.b5 Bd7 35.b6 Qd8 36.bxc7 Rxb1+ 37.Nxb1 Qxc7
38.Qxd6 Qc1+ 39.Rd1 Qe3+ 40.Kh1 h3 41.Rg1 Rh7  1/2-1/2

[Event "ISR-chT"]
[Site "Israel"]
[Date "1999.01.15"]
[Round "2"]
[White "Tsesarsky, Ilya"]
[Black "Mittelman, Gur"]
[Result "1/2-1/2"]
[WhiteElo "2430"]
[BlackElo "2410"]

1.Nf3 Nf6 2.c4 g6 3.Nc3 Bg7 4.e4 d6 5.d4 O-O 6.Be2 e5 7.O-O Na6 8.dxe5 dxe5
9.Qc2 Qe8 10.a3 c6 11.b4 Qe7 12.Bb2 Nh5 13.Rfe1 Nf4 14.Bf1 Bg4 15.Nd2 Rad8
16.Nb3 Nc7 17.f3 Bc8 18.Qf2 b6 19.c5 Be6 20.cxb6 axb6 21.Qc2 Bxb3 22.Qxb3 Nce6
23.Bc1 Nd4 24.Qb1 b5 25.Be3 h5 26.Ra2 h4 27.Rf2 Ra8 28.Qc1 Nfe6 29.g3 Bf6
30.Rd1 Rfd8 31.Bh3 Kg7 32.f4 Nb3 33.Qb1 exf4 34.gxf4 Bxc3 35.Rxd8 Rxd8 36.Qxb3 Bd4
37.f5 Bxe3 38.Qxe3 Rd1+ 39.Rf1 Rxf1+ 40.Kxf1  1/2-1/2

[Event "BL9899 (Women)"]
[Site "Germany"]
[Date "1999.01.16"]
[Round "7.4"]
[White "Kas Fromm, Rita"]
[Black "Werner, Veronika"]
[Result "1/2-1/2"]
[WhiteElo "2225"]
[BlackElo "2245"]

1.d4 Nf6 2.c4 g6 3.Nc3 Bg7 4.e4 d6 5.Nf3 O-O 6.Be2 e5 7.Be3 Ng4 8.Bg5 f6
9.Bh4 Nc6 10.d5 Ne7 11.Nd2 Nh6 12.f3 f5 13.h3 Bf6 14.Bxf6 Rxf6 15.Qb3 Kg7
16.g4 Rf8 17.O-O-O Nf7 18.Rdg1 f4 19.g5 c6 20.h4 Qc7 21.Kb1 Bd7 22.Bf1 a6
23.Bh3 Rab8 24.Bxd7 Qxd7 25.Rc1 c5 26.a4 b6 27.Rcg1 Nc8 28.Qc2 Na7 29.Ka2 b5
30.b3 bxa4 31.Nxa4 Rb4 32.Rb1 Rfb8 33.Nc3 a5 34.Ka3 R4b7 35.Qd1 Nc8 36.Qf1 Nb6
37.Qh3 Ra8 38.Qxd7 Nxd7 39.Na4 Nb6 40.Nxb6 Rxb6 41.Rb2 Rb4 42.Ra2 a4 43.Kb2 Rab8
44.Ra3 h6 45.gxh6+ Kxh6 46.Rha1 axb3 47.Rxb3 Rxb3+ 48.Nxb3 Kh5 49.Rg1 Rb4
50.Kc3 Ra4 51.Rg2 Nd8 52.Rg5+ Kh6 53.Rg2 Kh5  1/2-1/2

[Event "Oberliga Sued W9899"]
[Site "Wuertemberg"]
[Date "1999.01.17"]
[Round "5"]
[White "Hoensch, Matthias"]
[Black "Lang, Marc"]
[Result "1/2-1/2"]
[WhiteElo "2315"]
[BlackElo "2320"]

1.Nf3 Nf6 2.c4 g6 3.Nc3 Bg7 4.e4 d6 5.d4 O-O 6.Be2 e5 7.dxe5 dxe5 8.Qxd8 Rxd8
9.Bg5 Na6 10.Nd5 Nxd5 11.Bxd8 Nf4 12.Be7 Nxg2+ 13.Kd2 Nf4 14.Rhd1 Nxe2 15.Kxe2 Bg4
16.Rg1 h5 17.Rg3 Re8 18.Ba3 f5 19.h3 f4 20.Rxg4 hxg4 21.hxg4 Rd8 22.Rd1 Rxd1
23.Kxd1 Nb8 24.Kd2 Nc6 25.Kc3 Kf7 26.b4 Ke6 27.b5 Nb8 28.Bb4 Nd7 29.Ng5+ Kf6
30.Nh7+ Kf7 31.Ng5+ Kf6 32.Nh7+ Kf7  1/2-1/2

[Event "NRW-Liga I 9899"]
[Site "GER"]
[Date "1999.01.20"]
[Round "5"]
[White "Petzold, Klaus"]
[Black "Baeumer, Lars"]
[Result "0-1"]
[WhiteElo "2285"]
[BlackElo "2142"]

1.c4 Nf6 2.Nc3 g6 3.e4 d6 4.d4 Bg7 5.Nf3 O-O 6.Be2 e5 7.dxe5 dxe5 8.Qxd8 Rxd8
9.Bg5 c6 10.Nxe5 Re8 11.O-O-O Na6 12.Nf3 Bg4 13.Bd3 Nc5 14.Rhe1 Nfd7 15.Bf4 Nxd3+
16.Rxd3 Nc5 17.Rde3 Ne6 18.g3 Nxf4 19.gxf4 Bh6 20.Ne2 Bxf3 21.Rxf3 Rxe4 22.Re3 Rxc4+
23.Kb1 Bxf4 24.Re7 Bxh2 25.Rd1 Rf8 26.Rdd7 Rc5 27.Rxb7 Re5 28.Rxa7 Rxe7 29.Rxe7 Rd8
30.Kc2 Bd6 31.Re3 h5 32.a4 Bb4 33.Kb3 Bc5 34.Rf3 Rb8+ 35.Kc3 Kg7 36.b3 Rb4
37.Nf4 Re4 38.Nd3 Bd4+ 39.Kd2 h4 40.Ne1 Bb6 41.Nc2 Ba5+ 42.Kd3 Rg4 43.Rh3 Bb6
44.Ne3 Rf4 45.Ke2 g5 46.Rh1 Kg6 47.Rc1 h3 48.Rxc6+ Kg7 49.Rc1 g4 50.Rh1 f5
51.Rh2 Re4 52.Kd3 Bxe3 53.fxe3 g3 54.Rxh3 g2 55.Rg3+ Rg4 56.Rxg2 Rxg2 57.b4 Rg4
58.Kc3 Re4 59.a5 Rxe3+ 60.Kc4 f4 61.a6 f3 62.Kd4 Re8  0-1

[Event "NRW-Liga II 9899"]
[Site "GER"]
[Date "1999.01.20"]
[Round "5"]
[White "Goossens, Etienne"]
[Black "Seel, Christian"]
[Result "1-0"]
[WhiteElo "2140"]
[BlackElo "1915"]

1.d4 Nf6 2.Nf3 g6 3.c4 Bg7 4.Nc3 O-O 5.e4 d6 6.Be2 e5 7.d5 a5 8.Bg5 h6 9.Bh4 Na6
10.Nd2 Nc5 11.O-O h5 12.Bg5 Qe8 13.b3 Nh7 14.Be3 f5 15.f3 f4 16.Bf2 Rf7 17.a3 g5
18.b4 axb4 19.axb4 Rxa1 20.Qxa1 Na6 21.Rb1 Bf8 22.c5 Rg7 23.c6 b5 24.Bxb5 Nb8
25.Qa8 g4 26.Kh1 g3 27.Ba7 Qg6 28.h3 Bxh3 29.Qxb8 h4 30.Bf1 Ng5 31.b5 Bxg2+
32.Bxg2 h3 33.Qc8 Rh7 34.Bg1 Qh5 35.Qg4 hxg2+ 36.Kxg2 Qh1+ 37.Kf1 Rg7 38.b6 cxb6
39.c7 Nxf3 40.Qxf3 g2+ 41.Ke2 Rxc7 42.Bxb6 Rh7 43.Rg1 Bg7 44.Qxg2 Rh2 45.Rxh1  1-0

[Event "Hamburg IM"]
[Site "Hamburg"]
[Date "1999.01.20"]
[Round "11"]
[White "Wendt, Jan Dietrich"]
[Black "Bekker Jensen, Simon"]
[Result "1/2-1/2"]
[WhiteElo "2295"]
[BlackElo "2260"]

1.d4 Nf6 2.c4 g6 3.Nc3 Bg7 4.e4 d6 5.Be2 O-O 6.Nf3 Na6 7.O-O e5 8.Be3 Ng4
9.Bg5 Qe8 10.dxe5 dxe5 11.h3 h6 12.Bd2 Nf6 13.Be3 Qe7 14.Nd5 Qd8 15.Nxf6+ Qxf6
16.c5 Nb8 17.Qb3 Nc6  1/2-1/2

[Event "AUT-chT2M 9899"]
[Site "Austria"]
[Date "1999.01.23"]
[Round "6"]
[White "Gruenberg, Hans Ulrich"]
[Black "Wirius, Stefan"]
[Result "0-1"]
[WhiteElo "2455"]
[BlackElo "2285"]

1.d4 Nf6 2.Nf3 d6 3.c4 g6 4.Nc3 Bg7 5.e4 O-O 6.Be2 Nbd7 7.O-O e5 8.Be3 h6
9.dxe5 dxe5 10.Qc1 Kh7 11.Rd1 Re8 12.b4 c6 13.Nd2 Qe7 14.c5 Nf8 15.Nc4 Ng4
16.Bd2 Qh4 17.h3 Qxf2+ 18.Kh1 Nf6 19.Rf1 Qh4 20.Be1 Qg5 21.Bd2 Qh4 22.Be1 Qg5
23.Qd1 Nh5 24.Nd6 Re7 25.Bxh5 gxh5 26.Bd2 Qg6 27.Nf5 Rd7 28.Qe2 Ne6 29.Rad1 Nd4
30.Qf2 a5 31.b5 cxb5 32.Nd5 Rxd5 33.Nh4 Qxe4 34.Qxf7 Be6 35.Qxb7 Rad8 36.Bxa5 Qxh4
37.Bxd8 Rxd8 38.c6 Bd5  0-1

[Event "AUT-chT2M 9899"]
[Site "Austria"]
[Date "1999.01.24"]
[Round "7"]
[White "Farago, Ivan"]
[Black "Ager, Josef"]
[Result "1-0"]
[WhiteElo "2530"]
[BlackElo "2330"]

1.d4 Nf6 2.c4 g6 3.Nc3 Bg7 4.e4 d6 5.Be2 O-O 6.Nf3 e5 7.O-O Na6 8.Re1 Qe8
9.Bf1 Bg4 10.d5 Nh5 11.h3 Bd7 12.Rb1 f5 13.b4 Rd8 14.Be3 f4 15.Bd2 h6 16.c5 dxc5
17.Bxa6 cxb4 18.Nb5 Bxb5 19.Bxb5 Qxb5 20.Bxb4 Qa6 21.Bxf8 Rxf8 22.Qb3  1-0

[Event "Maalox Plus op"]
[Site "Brasilia"]
[Date "1999.01.24"]
[Round "7"]
[White "Valle, Adriano"]
[Black "Batista, Gerson P"]
[Result "1/2-1/2"]
[WhiteElo "2210"]
[BlackElo "2155"]

1.Nf3 Nf6 2.c4 g6 3.Nc3 Bg7 4.e4 d6 5.d4 O-O 6.Be2 e5 7.d5 a5 8.Bg5 h6 9.Bh4 Na6
10.Nd2 Qe8 11.O-O Bd7 12.b3 Nh7 13.a3 h5 14.f3 Bh6 15.Kh1 Be3 16.Qc2 f5 17.exf5 gxf5
18.Bf2 Bxf2 19.Rxf2 Qe7 20.Rg1 Kh8 21.Nd1 h4 22.Qc3 Nf6 23.g3 hxg3 24.hxg3 Rf7
25.Rh2+ Rh7 26.Rg2 Nc5 27.Rxh7+ Kxh7 28.Rh2+ Kg7 29.Qe3 Rg8 30.Nf2 Kf8 31.Qh6+ Qg7
32.Qxg7+ Kxg7 33.Kg2 Re8 34.Nd3 Nxd3 35.Bxd3 e4 36.fxe4 fxe4 37.Be2 c6 38.dxc6 bxc6
39.Rh1 d5 40.cxd5 cxd5 41.Rc1 d4 42.Nc4 Rc8 43.Rd1 d3 44.Bxd3 exd3 45.Rxd3 Bb5
46.Rd4 a4 47.Nd2 Rc2 48.bxa4 Bxa4 49.Rxa4 Rxd2+ 50.Kh3 Kg6 51.Ra6 Kf5 52.Ra5+ Nd5
53.Rc5 Ke4 54.Kh4 Kf3 55.a4 Rd4+ 56.Kg5 Kxg3 57.a5 Kf3 58.a6 Ke4 59.a7 Ra4
60.Rc4+ Rxc4 61.a8=Q Rc5 62.Qa4+ Ke5 63.Qe8+ Kd4 64.Qh8+ Kc4 65.Qg8 Rc6 66.Kh4  1/2-1/2

[Event "Geneve op"]
[Site "Geneve"]
[Date "1999.01.27"]
[Round "5"]
[White "Huss, Andreas"]
[Black "Bergez, Luc"]
[Result "0-1"]
[WhiteElo "2380"]
[BlackElo "2378"]

1.d4 Nf6 2.Nf3 g6 3.c4 Bg7 4.Nc3 O-O 5.e4 d6 6.Be2 e5 7.d5 a5 8.Be3 Na6 9.Nd2 Ne8
10.O-O f5 11.f3 c5 12.dxc6 bxc6 13.Nb3 Be6 14.Qd2 Rf7 15.Rfd1 Rd7 16.Na4 c5
17.Nc3 Nb4 18.a4 Nc6 19.Nb5 Nd4 20.Ra3 fxe4 21.fxe4 Nf6 22.Bd3 Ng4 23.Bg5 Qb6
24.h3 Nf6 25.Rf1 Rf7 26.Qe1 Ne8 27.Rxf7 Bxf7 28.N5xd4 exd4 29.Bd2 Be5 30.Bxa5 Qa6
31.Qc1 Nf6 32.Bd2 Nh5 33.a5 Be6 34.Bh6 Qc8 35.Qf1 Ra7 36.Nd2 Qd8 37.Nf3 Bf6
38.a6 Qb6 39.Qa1 Bc8 40.g4 Ng7 41.e5 dxe5 42.Be4 Be6 43.g5 Bd8 44.Nxe5 Qd6
45.Nc6 Bc7 46.Bg2 Nf5 47.Qc1 Qh2+ 48.Kf1 Bf4 49.Qc2 Be3  0-1

[Event "Ubeda op"]
[Site "Ubeda"]
[Date "1999.01.27"]
[Round "8"]
[White "Kalantarian, Norik"]
[Black "Yegiazarian, Arsen"]
[Result "1/2-1/2"]
[WhiteElo "2415"]
[BlackElo "2500"]

1.d4 Nf6 2.c4 g6 3.Nc3 Bg7 4.e4 d6 5.Nf3 O-O 6.Be2 e5 7.dxe5 dxe5 8.Qxd8 Rxd8
9.Bg5 Re8 10.Nd5 Nxd5 11.cxd5 c6 12.Bc4 cxd5 13.Bxd5 Na6 14.O-O-O Nb4 15.Kb1 Nxd5
16.Rxd5 f5 17.Be3  1/2-1/2

[Event "Geneve op"]
[Site "Geneve"]
[Date "1999.01.29"]
[Round "7"]
[White "Ehlvest, Jaan"]
[Black "Bergez, Luc"]
[Result "1/2-1/2"]
[WhiteElo "2593"]
[BlackElo "2378"]

1.Nf3 Nf6 2.c4 g6 3.Nc3 Bg7 4.e4 d6 5.d4 O-O 6.Be2 e5 7.Be3 exd4 8.Nxd4 Re8
9.f3 c6 10.Qd2 d5 11.exd5 cxd5 12.O-O Nc6 13.c5 Nh5 14.Bf2 Nxd4 15.Bxd4 Bxd4+
16.Qxd4 Qf6 17.Rad1 Be6 18.b4 a5 19.a3 axb4 20.axb4 Ra3 21.Nb5 Ra2 22.Qxf6 Nxf6
23.Bd3 Bd7 24.Nd6 Re3 25.Rfe1 Rxe1+ 26.Rxe1 Rd2 27.Bf1 Rb2 28.b5 Kf8 29.Nxb7 Bxb5
30.Bxb5 Rxb5 31.c6 Rb2 32.Rc1 Ne8 33.c7 Nxc7 34.Rxc7 d4 35.Nc5 Ke8 36.Ra7 Rc2
37.Nd3 Rc3 38.Ne1 d3 39.Ra2 Rc1 40.Kf2 Rd1 41.Ra8+ Ke7 42.Ra7+ Ke6 43.Ra6+ Kd7  1/2-1/2

[Event "Nova Gorica op"]
[Site "Nova Gorica"]
[Date "1999.01.29"]
[Round "2"]
[White "Jovanic, Ognjen"]
[Black "Badea, Bela"]
[Result "1-0"]
[WhiteElo "2269"]
[BlackElo "2479"]

1.d4 g6 2.c4 Bg7 3.Nc3 d6 4.Nf3 e5 5.e4 Nd7 6.Be2 Ngf6 7.O-O O-O 8.d5 Nc5
9.Qc2 a5 10.Bg5 h6 11.Be3 Qe7 12.Nd2 Bd7 13.b3 c6 14.a3 Rfc8 15.Qb2 Ng4 16.Bxg4 Bxg4
17.f3 Bd7 18.b4 Nd3 19.Qb3 Nf4 20.Kh1 cxd5 21.Nxd5 Nxd5 22.cxd5 Bb5 23.Rfc1 a4
24.Qa2 Bf6 25.Nc4 Bg5 26.Bxg5 Qxg5 27.Rc2 Bxc4 28.Rxc4 Qe3 29.Qc2 Rxc4 30.Qxc4 Qb3
31.Qc7 Qb2 32.Qc1 Qe2 33.Qc3 h5 34.Rc1 h4 35.h3 Qa2 36.Qe3 Kg7 37.Rc7 Rb8
38.Kh2 Qa1 39.Rc1 Qb2 40.Rc7 Qa1 41.Qc3 Qf1 42.Rxf7+ Kxf7 43.Qc7+ Kf6 44.Qxd6+ Kg7
45.Qxe5+ Kh7 46.Qc7+ Kh6 47.Qxb8 Qc1 48.Qh8+ Kg5 49.Qe5+ Kh6 50.d6 Qd2 51.Qh8+ Kg5
52.Qf8  1-0

[Event "Saintly Cup"]
[Site "Sydney"]
[Date "1999.01.29"]
[Round "7"]
[White "Roeder, Mathias"]
[Black "Mas, Hafizulhelmi"]
[Result "0-1"]
[WhiteElo "2447"]
[BlackElo "2401"]

1.d4 Nf6 2.c4 g6 3.Nc3 Bg7 4.e4 d6 5.Be2 O-O 6.Nf3 e5 7.dxe5 dxe5 8.Qxd8 Rxd8
9.Nd5 Nxd5 10.cxd5 c6 11.Bc4 b5 12.Bg5 f6 13.Bb3 cxd5 14.Rc1 Na6 15.Be3 Nb4
16.Ke2 Kh8 17.Bc5 dxe4 18.Nxe5 fxe5 19.Bxb4 Bg4+ 20.f3 exf3+ 21.gxf3 Bh5
22.Bc2 Rd4 23.Bc5 Rf4 24.Rhf1 e4 25.Ke3 Rxf3+ 26.Kxe4 Rh3 27.Bd6 Re8+ 28.Kd5 Bf3+
29.Kc5 Bxb2 30.Rce1 Rxe1 31.Rxe1 Ba3+  0-1

[Event "Copenhagen-ch"]
[Site "Copehagen"]
[Date "1999.01.30"]
[Round "5"]
[White "Nilssen, John Arni"]
[Black "Larsen, Karsten"]
[Result "1/2-1/2"]
[WhiteElo "2320"]
[BlackElo "2280"]

1.d4 Nf6 2.c4 g6 3.Nc3 Bg7 4.e4 d6 5.Nf3 O-O 6.Be2 e5 7.d5 a5 8.h4 Na6 9.Nd2 Nc5
10.h5 c6 11.Qc2 Bd7 12.Nb3 Na6 13.Be3 a4 14.Nc1 cxd5 15.cxd5 Rc8 16.Bxa6 bxa6
17.h6 Bh8 18.f3 Nh5 19.g4 Nf4 20.a3 Bf6 21.Nd3 Bh4+ 22.Kd1 Bb5 23.Nxf4 exf4
24.Bd4 Bf6 25.Qd2 Rc4 26.Bxf6 Qxf6 27.Nxb5 axb5 28.Ke2 Rfc8 29.Rac1 Qe5 30.Rxc4 bxc4
31.Rc1 Qg5 32.Rh1 Qe5 33.Rc1 Qg5 34.Rh1 Qf6 35.Rc1 Qh4 36.Qd4 Qxh6 37.Rxc4 Qh2+
38.Kd3 Rb8 39.Qc3 Qf2 40.Rc8+ Rxc8 41.Qxc8+ Kg7 42.Qc3+ Kg8 43.Qc8+ Kg7 44.Qc3+ Kh6
45.Kc4 Qc5+ 46.Kd3 Qf2 47.Kc4 Qc5+ 48.Kd3 Qe3+ 49.Kc4  1/2-1/2

[Event "Geneve op"]
[Site "Geneve"]
[Date "1999.01.31"]
[Round "9"]
[White "Huss, Andreas"]
[Black "Bucher, Denis"]
[Result "0-1"]
[WhiteElo "2380"]
[BlackElo "2249"]

1.d4 Nf6 2.Nf3 g6 3.c4 Bg7 4.Nc3 O-O 5.e4 d6 6.Be2 e5 7.d5 a5 8.O-O Na6 9.Ne1 Nc5
10.f3 Nfd7 11.Rb1 f5 12.b3 Nf6 13.Bg5 h6 14.Bxf6 Bxf6 15.a3 Bd7 16.b4 axb4
17.axb4 Na4 18.Nxa4 Rxa4 19.Qb3 Qa8 20.Nc2 Bg5 21.Kh1 b6 22.Bd3 Qa7 23.Qc3 Ra8
24.Ra1 Qb8 25.Rxa4 Rxa4 26.c5 Be7 27.c6 Bc8 28.exf5 Bxf5 29.Ne3 Bxd3 30.Qxd3 Kg7
31.f4 Rxb4 32.fxe5 dxe5 33.Nc4 Bf6 34.Qc3 Rb5 35.Qf3 Qd8 36.d6 e4 37.Qxe4 cxd6
38.Qd3 Rc5 39.Ne3 d5 40.Ng4 Rxc6 41.Qd2 Bg5 42.Qd4+ Bf6 43.Qd2 g5 44.Ne3 Kh8
45.Nxd5 Rc5 46.Rd1 Bg7 47.Qd3 b5 48.h3 Rc4 49.Qg6 b4 50.Re1 Rc8 51.Ne7 Ra8
52.Qc6 b3 53.Re6 Ra1+ 54.Kh2 Qb8+ 55.g3 Ra2+ 56.Kh1 Qa8  0-1

[Event "BL2-N9899"]
[Site "Germany"]
[Date "1999.01.31"]
[Round "5.2"]
[White "Hetey, Laszlo"]
[Black "Penzold, Andreas"]
[Result "1-0"]
[WhiteElo "2325"]
[BlackElo "2320"]

1.d4 Nf6 2.c4 g6 3.Nc3 Bg7 4.e4 d6 5.Nf3 O-O 6.Be2 e5 7.d5 a5 8.Bg5 h6 9.Bh4 Qe8
10.Nd2 Na6 11.O-O Bd7 12.Kh1 Nc5 13.b3 Nh7 14.a3 h5 15.f3 Bh6 16.Rb1 Be3
17.Bf2 Bxf2 18.Rxf2 Qe7 19.b4 axb4 20.axb4 Na4 21.Qc2 Qg5 22.Bd3 Qe3 23.Re2 Qd4
24.Na2 Qa7 25.Ra1 c5 26.dxc6 bxc6 27.Nc3 Qd4 28.Rxa4 Rxa4 29.Nxa4 Qa1+ 30.Nb1 Rb8
31.Qb3 Be6 32.Rb2 Nf6 33.Qa3 Qxa3 34.Nxa3  1-0

[Event "Nova Gorica op"]
[Site "Nova Gorica"]
[Date "1999.01.31"]
[Round "4"]
[White "Laketic, Gojko"]
[Black "Armanda, Ivica"]
[Result "1-0"]
[WhiteElo "2396"]
[BlackElo "2337"]

1.d4 Nf6 2.c4 g6 3.Nc3 Bg7 4.e4 d6 5.Nf3 O-O 6.Be2 e5 7.d5 a5 8.Bg5 h6 9.Bh4 Na6
10.Nd2 Qe8 11.Rb1 Bd7 12.O-O h5 13.b3 Nh7 14.f3 Bf6 15.Bf2 Bg5 16.a3 Nf6
17.b4 axb4 18.axb4 h4 19.c5 Nh5 20.c6 bxc6 21.dxc6 Be6 22.Nd5 Qd8 23.Nc4 Bf4
24.Qe1 Nb8 25.b5 Ra2 26.Rb2 Rxb2 27.Nxb2 Bxd5 28.exd5 Qg5 29.Bxh4 Qh6 30.Nd3 g5
31.Nxf4 Nxf4 32.Bg3 Nxd5 33.Qd2 Ne7 34.Bd3 Kg7 35.Ra1 Nbxc6 36.bxc6 Nxc6
37.Rc1 Nd4 38.Rxc7 Ra8 39.Bc4 Ra1+ 40.Kf2 Ne6  1-0

[Event "Nova Gorica op"]
[Site "Nova Gorica"]
[Date "1999.02.03"]
[Round "7"]
[White "Timoshchenko, Gennadi A"]
[Black "Atalik, Suat"]
[Result "1/2-1/2"]
[WhiteElo "2500"]
[BlackElo "2593"]

1.Nf3 Nf6 2.c4 g6 3.Nc3 Bg7 4.e4 d6 5.d4 O-O 6.Be2 e5 7.Be3 Ng4 8.Bg5 f6
9.Bh4 Nc6 10.d5 Ne7 11.Nd2 h5 12.h3 Nh6 13.O-O c5 14.Rb1 Bd7 15.b4 cxb4 16.Rxb4 b6
17.a4 g5 18.Bg3 g4 19.hxg4 hxg4 20.a5 bxa5 21.Rb7 Qc8 22.Qb1 Nf7 23.c5 dxc5
24.Nc4 Rb8 25.Rxb8 Qxb8 26.Qxb8 Rxb8 27.Ra1 Nc8 28.Rxa5 Bf8 29.Bh4 Be7 30.Nd1 Rb7
31.Nde3 Ncd6 32.Nxd6 Nxd6 33.Bxg4 Nxe4 34.Bxd7 Rxd7 35.f3 Nc3 36.Kf2 Kf7
37.g4 Nxd5 38.Nxd5 Rxd5 39.Rxa7 Ke6 40.Ke3 c4 41.Ra6+ Rd6 42.Rxd6+ Kxd6 43.Kd2 Kd5
44.Kc3 Bd8 45.Kc2 Kc5 46.Kc3 Kb5 47.Kc2 Kb4 48.Be1+ Kc5 49.Bf2+ Kd6 50.Bh4 Kd5
51.Kc3 Ba5+ 52.Kc2 Ke6 53.g5 f5 54.g6 f4 55.g7 Kf7 56.Bf6 e4 57.fxe4 f3 58.e5 Bb4
59.e6+ Kg8 60.Bd4 f2  1/2-1/2

[Event "Nova Gorica op"]
[Site "Nova Gorica"]
[Date "1999.02.03"]
[Round "7"]
[White "Srebrnic, Vojko"]
[Black "Grosar, Kiti"]
[Result "1-0"]
[WhiteElo "2248"]
[BlackElo "2214"]

1.Nf3 Nf6 2.d4 g6 3.c4 Bg7 4.Nc3 O-O 5.e4 d6 6.Be2 e5 7.dxe5 dxe5 8.Qxd8 Rxd8
9.Bg5 c6 10.Nxe5 Re8 11.O-O-O Na6 12.Nf3 Nc5 13.Be3 Nfxe4 14.Nxe4 Nxe4 15.Rhe1 c5
16.Nd2 Nxd2 17.Rxd2 Be6 18.Red1 b5 19.Bf3 Rac8 20.cxb5 Bd4 21.Bc6 Bxe3 22.fxe3 Re7
23.Bd7 Bxd7 24.Rxd7 Kf8 25.Rd8+ Rxd8 26.Rxd8+ Kg7 27.Rc8 Rxe3 28.Rxc5 Re7
29.a4 Kf6 30.Rc6+ Ke5 31.b6 axb6 32.Rxb6 Kd4 33.Kd2 f5 34.a5 Ra7 35.b4 Kc4
36.a6 Rd7+ 37.Ke2 Re7+ 38.Kf3 Rd7 39.Rb7 Rd3+ 40.Ke2 Ra3 41.a7 g5 42.b5 Ra2+
43.Ke3 Ra3+ 44.Kd2 Ra2+ 45.Kc1  1-0

[Event "Yangon schev"]
[Site "Yangon"]
[Date "1999.02.05"]
[Round "6"]
[White "Wong Meng Kong"]
[Black "Zaw Oo"]
[Result "1/2-1/2"]
[WhiteElo "2459"]
[BlackElo "2440"]

1.d4 Nf6 2.c4 g6 3.Nc3 Bg7 4.e4 d6 5.Nf3 O-O 6.Be2 e5 7.O-O Na6 8.Be3 Ng4
9.Bg5 Qe8 10.h3 h6 11.Bc1 Nf6 12.dxe5 dxe5 13.Be3 Kh7 14.Nd2 b6 15.a3 Bb7
16.Qc2 c6 17.b4 Nc7 18.Nb3 Ne6 19.Rfd1 Rd8 20.c5 Nd7 21.Bg4 Nd4 22.Nxd4 exd4
23.Bxd4 Ne5 24.cxb6 Rxd4 25.Rxd4 Nxg4 26.Rdd1 Ne5 27.bxa7 Qa8 28.Na4 Qxa7
29.Nc5 Bc8 30.a4 Nd7 31.Nxd7 Bxd7 32.Ra3 Rb8 33.Qd2 Be6 34.a5 Bf8 35.Rb1 Qa6  1/2-1/2

[Event "RUS-Cup03 (Geller mem)"]
[Site "Moscow"]
[Date "1999.02.07"]
[Round "6"]
[White "Sherbakov, Ruslan"]
[Black "Nalbandian, Tigran"]
[Result "0-1"]
[WhiteElo "2559"]
[BlackElo "2439"]

1.d4 Nf6 2.c4 g6 3.Nc3 Bg7 4.e4 d6 5.Be2 O-O 6.Nf3 e5 7.O-O Nbd7 8.Be3 c6
9.Qc2 h6 10.Rad1 Qe7 11.d5 c5 12.Ne1 Nh5 13.Nd3 Nb6 14.Nb5 Bd7 15.Qb3 Nf4
16.Nxf4 exf4 17.Bxf4 Bxb5 18.Qxb5 Qxe4 19.Be3 Qc2 20.Rd2 Qa4 21.Qxa4 Nxa4
22.Rb1 a6 23.Bd1 b5 24.Bxa4 bxa4 25.b3 Rfb8 26.Rd3 a5 27.Bd2 Rb7 28.Kf1 g5
29.Ke2 f5 30.Kd1 a3 31.Kc2 Bb2 32.Re1 a4 33.Re6 Be5 34.Rxh6 Kg7 35.Rhh3 f4
36.g4 Kg6 37.Rhf3 Rab8 38.h3 Bd4 39.Kb1 axb3 40.axb3 Re7 41.h4 Re2 42.hxg5 Ra8
43.Ka2 Bc3 44.Rxc3 Rxd2+ 45.Ka1 Re8  0-1